| 000 | 01006nam a22002657a 4500 | ||
|---|---|---|---|
| 005 | 20100818144258.0 | ||
| 010 | _aENG-100732 | ||
| 020 |
_a9788132101499 _c595.00 |
||
| 035 | _aEN-84265 | ||
| 037 | _bDBAD/PUB | ||
| 082 | _a330.9 | ||
| 245 |
_aIndia policy forum 2008|09 / _b _cedited by Suman Bery, Barry Bosworth [and] Arvind Panagariya |
||
| 260 |
_aNew Delhi _bSage Publications _c2009 |
||
| 270 |
_aB1/I-1, Mohan Cooperative Industrial Area, Mathura Road _bNew Delhi _e110044 |
||
| 300 |
_av.5 (xix, 295p.) _c23cm (pbk) |
||
| 650 |
_aCapital movements _914827 |
||
| 650 |
_aEconomic policy _91373 |
||
| 650 |
_aForeign exchange rates _914828 |
||
| 650 |
_aManufacturng industries _914829 |
||
| 700 |
_aBery, Suman _93148 |
||
| 700 |
_aBosworth, Barry _914794 |
||
| 700 |
_aPanagariya, Arvind _914830 |
||
| 942 |
_2ddc _cEN _h330.9 _mIND |
||
| 999 |
_c42443 _d42443 |
||